| 000 | 00782cam a22002533a 4500 | ||
|---|---|---|---|
| 001 | 16237 | ||
| 003 | PGUSA | ||
| 005 | 20140828083339.0 | ||
| 008 | 050707s2005||||xxu|||||s|||||000 | eng d | ||
| 040 |
_aPGUSA _beng |
||
| 042 | _adc | ||
| 050 | 4 | _aU | |
| 100 | 1 | _aFrontinus, Sextus Julius | |
| 245 | 1 | 0 |
_aLes stratagèmes _h[electronic resource] / _cSextus Julius Frontinus |
| 260 |
_bProject Gutenberg, _c2005 |
||
| 506 | _aPublic domain in the USA. | ||
| 516 | _aElectronic text | ||
| 653 | _aDeception (Military science) -- Early works to 1800 | ||
| 653 | _aMilitary art and science -- Rome -- Early works to 1800 | ||
| 700 | 1 |
_aBailly, C. _q(Charles), _d1800-1862 |
|
| 830 | 0 |
_aProject Gutenberg _v16237 |
|
| 856 | 4 | 0 | _uhttp://www.gutenberg.org/ebooks/16237 |
| 942 | _cEB | ||
| 999 |
_c245492 _d245492 |
||